000 01203cam a22003254i 4500
001 4047824
003 EG-ScBUE
005 20250629101145.0
008 990608s2001 enka f b 001 0 eng d
020 _a0521662818
020 _a9780521662819
040 _aEG-ScBUE
_beng
_erda
_cEG-ScBUE
_dEG-ScBUE
082 0 4 _a537
_222
_bDEW
100 1 _aDe Wolf, David A.,
_eauthor.
245 1 0 _aEssentials of electromagnetics for engineering /
_cDavid A. de Wolf, Virginia Polytechnic Institute and State University.
264 1 _aCambridge :
_bCambridge University Press,
_c2001.
300 _axiv, 509 pages :
_billustrations ;
_c26 cm
336 _2rdacontent
_atext
_btxt
337 _aunmediated
_2rdamedia
_bn
338 _avolume
_bnc
_2rdacarrier
500 _aIncludes Appendices.
504 _aIncludes bibliographical references and index.
650 7 _aElectromagnetism.
_2BUEsh
650 7 _aElectronics.
_2BUEsh
650 7 _aElectric engineering.
_2BUEsh
655 _vReading book
856 4 2 _3Publisher description
_uhttp://www.loc.gov/catdir/description/cam029/99016730.html
856 4 1 _3Table of contents
_uhttp://www.loc.gov/catdir/toc/cam027/99016730.html
942 _2ddc
_cBB
999 _c10202
_d10202